00269nam a2200097Ia 4500008004100000100002000041245004700061260004700108300000800155650000800163191201s2012 xx 000 0 und d aJAIN,Khushpat S 0aExport Import Procedures and Documentation aN. DelhibHimalaya Publication Housec2012 a278 aMBA